00688nam a2200205Ia 4500008004100000041001200041082001200053100003500065245007100100260005500171300000800226365000800234520001300242520004700255546001200302630007100314650001300385655001300398730007100411101110s9999 xx 000 0 und d aENGLISH bSR32043 aRogers David E., Adams J. Alan aMathematical elements for computer graphics 2nd edition (SYBSc CS) c2002bTata McGraw Hill publishing,co Ltd;New Delhi a611 b375 aComputer aTranfered to Computer Section, Dt. 13/7/09 aENGLISH aMathematical elements for computer graphics 2nd edition (SYBSc CS) aComputer aComputer aMathematical elements for computer graphics 2nd edition (SYBSc CS)